| 000 -LEADER |
| fixed length control field |
02365cam a2200433 i 4500 |
| 001 - CONTROL NUMBER |
| control field |
21848440 |
| 003 - CONTROL NUMBER IDENTIFIER |
| control field |
NUST |
| 005 - DATE AND TIME OF LATEST TRANSACTION |
| control field |
20220828172240.0 |
| 008 - FIXED-LENGTH DATA ELEMENTS--GENERAL INFORMATION |
| fixed length control field |
201218s2021 nyu b 001 0 eng |
| 010 ## - LIBRARY OF CONGRESS CONTROL NUMBER |
| LC control number |
2020055756 |
| 020 ## - INTERNATIONAL STANDARD BOOK NUMBER |
| International Standard Book Number |
9781524746636 |
| Qualifying information |
(hardcover) |
| 020 ## - INTERNATIONAL STANDARD BOOK NUMBER |
| Canceled/invalid ISBN |
9781524746650 |
| Qualifying information |
(ebook) |
| 038 ## - RECORD CONTENT LICENSOR |
| Staff Name |
Azhar |
| 040 ## - CATALOGING SOURCE |
| Original cataloging agency |
DLC |
| Language of cataloging |
eng |
| Transcribing agency |
DLC |
| Description conventions |
rda |
| Modifying agency |
DLC |
| 042 ## - AUTHENTICATION CODE |
| Authentication code |
pcc |
| 043 ## - GEOGRAPHIC AREA CODE |
| Geographic area code |
n-us--- |
| 050 00 - LIBRARY OF CONGRESS CALL NUMBER |
| Classification number |
E169 |
| Item number |
.M454 2021 |
| 082 00 - DEWEY DECIMAL CLASSIFICATION NUMBER |
| Classification number |
973 |
| Edition number |
23 |
| Author Mark |
MCH |
| 100 1# - MAIN ENTRY--PERSONAL NAME |
| Personal name |
McHugh, Jess, |
| Relator term |
author. |
| 9 (RLIN) |
93741 |
| 245 10 - TITLE STATEMENT |
| Title |
Americanon : |
| Remainder of title |
an unexpected U.S. history in thirteen bestselling books |
| Statement of responsibility, etc. |
Jess McHugh. |
| 246 3# - VARYING FORM OF TITLE |
| Title proper/short title |
Unexpected US history in thirteen bestselling books |
| 260 ## - PUBLICATION, DISTRIBUTION, ETC. |
| Place of publication, distribution, etc. |
New York |
| Name of publisher, distributor, etc. |
Dutton, |
| Date of publication, distribution, etc. |
2021 |
| 300 ## - PHYSICAL DESCRIPTION |
| Extent |
x, 419 p |
| Dimensions |
24 cm |
| 336 ## - CONTENT TYPE |
| Content type term |
text |
| Content type code |
txt |
| Source |
rdacontent |
| 337 ## - MEDIA TYPE |
| Media type term |
unmediated |
| Media type code |
n |
| Source |
rdamedia |
| 338 ## - CARRIER TYPE |
| Carrier type term |
volume |
| Carrier type code |
nc |
| Source |
rdacarrier |
| 504 ## - BIBLIOGRAPHY, ETC. NOTE |
| Bibliography, etc. note |
Includes bibliographical references and index. |
| 505 0# - FORMATTED CONTENTS NOTE |
| Formatted contents note |
The old farmer's almanac -- Webster's speller and dictionary (1783/1828) -- Benjamin Franklin's autobiography -- The McGuffey readers (1836) -- A handbook to American womanhood -- Etiquette in society, in business, in politics and at home -- How to win friends and influence people (1936) -- The Betty Crocker cookbook (1950) -- Everything you always wanted to know about sex* (*but were afraid to ask) (1969) -- Surviving the 80s -- Epilogue. |
| 520 ## - SUMMARY, ETC. |
| Summary, etc. |
"What does it take to be a good American? And who gets to decide? Journalist Jess McHugh examines thirteen seemingly innocuous, mega-bestselling reference books, guidebooks, and self-help books that have become blueprints for core American values and shaped our national story"-- |
| Assigning source |
Provided by publisher. |
| 563 ## - BINDING INFORMATION |
| Binding note |
HB |
| 650 #0 - SUBJECT ADDED ENTRY--TOPICAL TERM |
| Topical term or geographic name entry element |
National characteristics, American. |
| 9 (RLIN) |
8029 |
| 650 #0 - SUBJECT ADDED ENTRY--TOPICAL TERM |
| Topical term or geographic name entry element |
Books and reading |
| Geographic subdivision |
United States |
| General subdivision |
History. |
| 9 (RLIN) |
93742 |
| 650 #0 - SUBJECT ADDED ENTRY--TOPICAL TERM |
| Topical term or geographic name entry element |
Social values |
| Geographic subdivision |
United States |
| Form subdivision |
Miscellanea. |
| 9 (RLIN) |
93743 |
| 651 #0 - SUBJECT ADDED ENTRY--GEOGRAPHIC NAME |
| Geographic name |
United States |
| General subdivision |
Social life and customs |
| Form subdivision |
Miscellanea. |
| 9 (RLIN) |
93744 |
| 776 08 - ADDITIONAL PHYSICAL FORM ENTRY |
| Relationship information |
Online version: |
| Main entry heading |
McHugh, Jess, |
| Title |
Americanon |
| Place, publisher, and date of publication |
New York : Dutton, Penguin Random House LLC, [2021] |
| International Standard Book Number |
9781524746650 |
| Record control number |
(DLC) 2020055757 |
| 906 ## - LOCAL DATA ELEMENT F, LDF (RLIN) |
| a |
7 |
| b |
cbc |
| c |
orignew |
| d |
1 |
| e |
ecip |
| f |
20 |
| g |
y-gencatlg |
| 942 ## - ADDED ENTRY ELEMENTS (KOHA) |
| Source of classification or shelving scheme |
|
| Koha item type |
Lincoln Corner |